| Tag |
First Indicator |
Second Indicator |
Subfields |
| LEADER |
00000cam a22000001a 4500 |
| 001 |
in00002870421 |
| 005 |
20190331184128.0 |
| 006 |
m o d |
| 007 |
cr un mmmapmmp |
| 008 |
090210s1829 dcud o f000 0 eng d |
| 035 |
|
|
|a cis2004313932
|
| 040 |
|
|
|a UMI
|c UMI
|d UtOrBLW
|
| 043 |
|
|
|a n-us---
|
| 099 |
|
|
|a ProQuest Serial Set Number 187 H.doc.136
|
| 110 |
1 |
|
|a United States.
|b Department of the Treasury.
|
| 245 |
1 |
0 |
|a Letter from the Secretary of the Treasury, transmitting an abstract of the official emoluments and expenditures for the year 1828, of those officers of the customs Who have rendered the statements required of them by law.
|
| 246 |
1 |
|
|a Emoluments and expenditures of Officers of Customs, 1828
|
| 264 |
|
1 |
|a Washington :
|b [publisher not identified],
|c 1829.
|
| 300 |
|
|
|a 1 online resource.
|
| 336 |
|
|
|a text
|b txt
|2 rdacontent
|
| 337 |
|
|
|a computer
|b c
|2 rdamedia
|
| 338 |
|
|
|a online resource
|b cr
|2 rdacarrier
|
| 490 |
0 |
|
|a H.doc.136
|
| 500 |
|
|
|a Record is based on bibliographic data in ProQuest U.S. Serial Set Digital Collection (last viewed Feb. 2009). Reuse except for individual research requires license from ProQuest, LLC.
|
| 510 |
3 |
|
|a ProQuest U.S. Serial Set Digital Collection
|
| 500 |
|
|
|a Electronic resource.
|
| 650 |
|
0 |
|a Customs administration.
|
| 651 |
|
0 |
|a United States
|x Officials and employees.
|
| 651 |
|
0 |
|a United States
|x Officials and employees
|x Salaries, etc.
|
| 655 |
|
7 |
|a Electronic books.
|2 local
|
| 710 |
2 |
|
|a ProQuest (Firm)
|
| 830 |
|
0 |
|a United States congressional serial set.
|
| 856 |
4 |
0 |
|u http://proxy.library.tamu.edu/login?url=http://congressional.proquest.com/congcomp/getdoc?SERIAL-SET-ID=187+H.doc.136
|z Connect to the full text of this electronic book
|t 0
|
| 999 |
|
|
|a MARS
|
| 999 |
f |
f |
|s 2e557418-af7e-39c1-8af6-ee256e4a5d0e
|i 44d750cd-5e7d-361b-b259-cd384aaafafc
|t 0
|
| 952 |
f |
f |
|a Texas A&M University
|b College Station
|c Electronic Resources
|d Available Online
|t 0
|e ProQuest Serial Set Number 187 H.doc.136
|h Other scheme
|
| 998 |
f |
f |
|a ProQuest Serial Set Number 187 H.doc.136
|t 0
|l Available Online
|